Statistiques concernant Trouve les paroles - Elle a fait un bébé toute seule - Goldman

Cliquez ici pour prendre le quiz!

Statistiques générales

  • Ce quiz a été pris 79 fois
  • Le résultat moyen est 225 sur 269

Statistiques - réponses

Réponse% Correct
a
100%
à
100%
bébé
100%
à
100%
elle
100%
Elle
100%
fait
100%
seule
100%
Un
100%
un
100%
toute
98%
et
94%
Et
94%
le
94%
Le
94%
la
92%
en
90%
De
89%
de
89%
journée
89%
son
89%
au
87%
ces
87%
dans
87%
les
87%
fume
84%
84%
peu
84%
années
82%
été
82%
astrologique
81%
C'était
81%
court
81%
heures
81%
signe
81%
folles
79%
mode
79%
père
79%
quatre
79%
ses
79%
baby-sitter
77%
biberon
77%
décembre
77%
me
77%
n'étaient
77%
plus
77%
scientifique
77%
couches
76%
Des
76%
des
76%
petit-déjeuner
76%
Pour
76%
défait
74%
est
74%
grand
74%
lit
74%
même
74%
papas
74%
pas
74%
choisi
73%
Quand
73%
quand
73%
sa
73%
paquets
71%
qui
71%
téléphone
71%
comme
68%
yeux
68%
bleus
66%
blues
66%
c'est
66%
mien
66%
nourrice
66%
gamin
65%
presque
65%
gènes
63%
assume
61%
frère
61%
mal
61%
qu'il
61%
sauf
61%
féminité
60%
Je
60%
je
60%
sont
60%
tous
60%
lui
58%
nouvelle
58%
dormir
56%
magazines
56%
Puis
56%
veut
56%
copines
55%
faciles
55%
fric
55%
peut
55%
fais
53%
hommes
53%
câlins
52%
incestueux
52%
rire
52%
pleurent
50%
vit
50%
cinéma
47%
l'emmène
45%
garage
35%
alone
24%
gym
23%

Distribution des résultats

Percentile par nombre de réponses

% des personnes avec chaque résultat

Votre développement - résultats

Vous n’avez pas pris ce quiz